| 000 | 00435nam a22001697a 4500 | ||
|---|---|---|---|
| 003 | CEME | ||
| 005 | 20210628204006.0 | ||
| 008 | 210105b xxu||||| |||| 00| 0 eng d | ||
| 020 | _a031211219 | ||
| 040 | _c. | ||
| 082 | _a823 SCH | ||
| 100 |
_aSchutiz, Duane _968168 |
||
| 245 | _aGlory enough for all the battle of the crater, a novel of the civil war | ||
| 260 |
_aNEW YORK _bMARTINS _c1993 |
||
| 300 | _a360P | ||
| 942 |
_cBK _2ddc |
||
| 999 |
_c575796 _d575796 |
||